000 00355 a2200157 4500
001 181374
020 _a
040 _cMagnum
100 _aRando, Lizette Geny
240 1 0 _aAssim se aprende caligrafia/v.2
_lpor
245 1 0 _aAssim se aprende caligrafia/v.2
362 0 _a1899
440 1 _aÁtica
697 _aMAGNITO: PARADIDATICO
942 _cBK
999 _c181374
_d181374